Principles of microeconomics. / (Record no. 7726)

MARC details
000 -LEADER
fixed length control field 01557cam a2200289 a 4500
001 - CONTROL NUMBER
control field 14185039
003 - CONTROL NUMBER IDENTIFIER
control field OSt
005 - DATE AND TIME OF LATEST TRANSACTION
control field 20210713121809.0
008 - FIXED-LENGTH DATA ELEMENTS--GENERAL INFORMATION
fixed length control field 051130s2007 ohua 001 0 eng
010 ## - LIBRARY OF CONGRESS CONTROL NUMBER
LC control number 2005938055
020 ## - INTERNATIONAL STANDARD BOOK NUMBER
International Standard Book Number 9780324589986
020 ## - INTERNATIONAL STANDARD BOOK NUMBER
International Standard Book Number 0324589980
040 ## - CATALOGING SOURCE
Original cataloging agency DLC
Transcribing agency DLC
Modifying agency DLC
050 00 - LIBRARY OF CONGRESS CALL NUMBER
Classification number HB172.M34
082 00 - DEWEY DECIMAL CLASSIFICATION NUMBER
Classification number 338.5
Edition number 22
100 1# - MAIN ENTRY--PERSONAL NAME
Personal name Mankiw, N. Gregory.
245 10 - TITLE STATEMENT
Title Principles of microeconomics. /
Statement of responsibility, etc. N. Gregory Mankiw.
250 ## - EDITION STATEMENT
Edition statement 5th ed.
260 ## - PUBLICATION, DISTRIBUTION, ETC.
Place of publication, distribution, etc. London:
Name of publisher, distributor, etc. South-Western,
Date of publication, distribution, etc. 2009.
300 ## - PHYSICAL DESCRIPTION
Extent xxiv, 519 p. :
Other physical details ill. ;
Dimensions 26 cm.
500 ## - GENERAL NOTE
General note Includes index.
505 ## - FORMATTED CONTENTS NOTE
Formatted contents note Contents: Ten principles of economics -- Thinking line an economist -- Interdependence and the gins from trade -- The market forces of supply and demand -- Elasticity and its application -- Supply a, demand and government policies -- consumers, producers, and the efficiency of markets -- Application: the cost of taxation -- Application: international trade -- Externalities -- Public goods and common resources -- The design of the tax system -- The costs of production -- Firms in competitive markets -- Monopoly -- Monopolistic competition -- Oligopoly -- The markets for the factors of production -- Earnings and discrimination -- Income inequality and poverty -- The theory of consumer choice -- Frontiers of microeconomics --
650 #0 - SUBJECT ADDED ENTRY--TOPICAL TERM
Topical term or geographic name entry element Microeconomics.
906 ## - LOCAL DATA ELEMENT F, LDF (RLIN)
a 7
b cbc
c orignew
d 2
e epcn
f 20
g y-gencatlg
942 ## - ADDED ENTRY ELEMENTS (KOHA)
Source of classification or shelving scheme Library of Congress Classification
Koha item type Books
Holdings
Withdrawn status Lost status Source of classification or shelving scheme Damaged status Not for loan Home library Current library Shelving location Date acquired Full call number Barcode Date last seen Copy number Price effective from Koha item type Total Checkouts
    Library of Congress Classification     WISCONSIN INTERNATIONAL UNIVERSITY COLLEGE, GHANA KUMASI LIBRARY WISCONSIN INTERNATIONAL UNIVERSITY COLLEGE, GHANA KUMASI LIBRARY General Stacks 25/10/2019 HB172.M34(5e) K/712/712/19 13/07/2021 1 13/07/2021 Books  
    Library of Congress Classification     WISCONSIN INTERNATIONAL UNIVERSITY COLLEGE, GHANA KUMASI LIBRARY WISCONSIN INTERNATIONAL UNIVERSITY COLLEGE, GHANA KUMASI LIBRARY General Stacks 25/10/2019 HB172.M341(5e) K/713/713/19 13/07/2021 2 13/07/2021 Books  
    Library of Congress Classification     WISCONSIN INTERNATIONAL UNIVERSITY COLLEGE, GHANA KUMASI LIBRARY WISCONSIN INTERNATIONAL UNIVERSITY COLLEGE, GHANA KUMASI LIBRARY General Stacks 25/10/2019 HB172.M342(5e) K/714/714/19 13/07/2021 3 13/07/2021 Books  
    Library of Congress Classification     WISCONSIN INTERNATIONAL UNIVERSITY COLLEGE, GHANA KUMASI LIBRARY WISCONSIN INTERNATIONAL UNIVERSITY COLLEGE, GHANA KUMASI LIBRARY General Stacks 25/10/2019 HB172.M343(5e) K/715/715/19 13/07/2021 4 13/07/2021 Books  
    Library of Congress Classification     WISCONSIN INTERNATIONAL UNIVERSITY COLLEGE, GHANA KUMASI LIBRARY WISCONSIN INTERNATIONAL UNIVERSITY COLLEGE, GHANA KUMASI LIBRARY General Stacks 25/10/2019 HB172.M344(5e) K/716/716/19 13/07/2021 5 13/07/2021 Books  

If you have any concerns or questions; kindly contact the library


© Powered by WIUC ICT DIRECTORATE